Statistiques concernant 100 Plus Grandes Villes du Monde sur une carte

Cliquez ici pour prendre le quiz!

Statistiques générales

  • Ce quiz a été pris 3,771 fois
    (3,770 depuis la dernière actualisation)
  • Le résultat moyen est 51 sur 100

Statistiques - réponses

Population Urban Area % Correct
11.4 mParis
99%
14.7 mLondres
98%
22.4 mNew York
98%
6.45 mMadrid
98%
17.2 mMoscou
96%
40.2 mTokyo
96%
22.8 mMexico
96%
17.8 mLos Angeles
95%
4.73 mBarcelone
94%
4.75 mBerlin
94%
20.4 mPékin
93%
13.1 mRio de Janeiro
91%
5.20 mSydney
90%
20.5 mLe Caire
89%
6.35 mMiami
88%
5.20 mMilan
87%
15.8 mIstanbul
85%
16.3 mBuenos Aires
85%
29.4 mDelhi
84%
5.60 mSaint Petersbourg
83%
9.75 mChicago
83%
8.55 mWashington
82%
7.85 mSan Francisco
80%
30.6 mJakarta
78%
9.90 mLima
78%
35.9 mShanghai
78%
22.2 mSão Paulo
77%
4.98 mAnkara
76%
24.7 mMumbai
76%
7.20 mSantiago
75%
24.7 mSéoul
74%
9.80 mBogotá
73%
7.65 mBoston
71%
7.80 mSingapour
69%
13.7 mJohannesbourg
69%
15.0 mTéhéran
68%
18.3 mBangkok
67%
25.2 mManille
67%
4.90 mDubai
66%
6.85 mBagdad
64%
7.45 mHong Kong
64%
7.10 mDallas
61%
4.85 mMelbourne
60%
5.70 mAlexandrie
59%
7.75 mRiyad
58%
6.60 mHouston
58%
7.35 mPhiladelphie
57%
12.0 mKinshasa
56%
18.8 mLagos
56%
5.95 mNairobi
55%
5.70 mDetroit
54%
16.6 mCalcutta
54%
17.7 mOsaka
53%
7.35 mToronto
52%
5.80 mAtlanta
51%
8.70 mKuala Lumpur
51%
8.85 mWuhan
51%
45.6 mCanton
47%
19.5 mDacca
45%
6.15 mKhartoum
44%
9.10 mTaipei
41%
5.45 mAbidjan
40%
7.90 mLuanda
37%
4.95 mAccra
36%
5.45 mAmman
36%
4.73 mColombo
36%
17.3 mKarachi
34%
6.15 mDar es Salam
30%
5.25 mGuadalajara
24%
8.60 mHo Chi Minh Ville
24%
11.8 mBangalore
24%
12.6 mLahore
23%
11.0 mChennai
21%
6.80 mXi'an
20%
4.98 mBelo Horizonte
20%
10.5 mNagoya
20%
4.93 mMonterrey
18%
5.50 mRangoon
17%
13.2 mTianjin
16%
9.80 mChengdu
14%
9.85 mHyderabad
13%
4.78 mJeddah
12%
6.70 mNankin
11%
8.05 mChongqing
11%
6.85 mBandung
9%
9.90 mXiamen
9%
6.00 mSurabaya
9%
8.25 mAhmedabad
9%
5.15 mHarbin
8%
6.70 mPune
8%
8.30 mHangzhou
7%
4.83 mChittagong
7%
7.90 mShenyang
6%
5.95 mQingdao
6%
6.35 mSurat
6%
7.70 mShantou
4%
5.35 mZhengzhou
4%
4.83 mHefei
3%
4.75 mChangsha
3%
5.25 mWenzhou
3%

Distribution des résultats

Percentile par nombre de réponses

% des personnes avec chaque résultat

Votre développement - résultats

Vous n’avez pas pris ce quiz depuis la dernière actualisation